000 00523nam a22001697a 4500
003 OSt
005 20260217104548.0
008 260217b |||||||| |||| 00| 0 eng d
040 _cMRSPTU
041 _aEnglish
100 _aTanu, Supervisor: Dr. Manjeet Bansal
245 _aChemometric Analysis of Ground Water of Bathinda District
260 _bDepartment of Civil Engg. MRSPTU, Bathinda
_c2015
650 _aCivil Engineering
856 _uhttp://163.47.215.52:8080/jspui/handle/123456789/1109
942 _2ddc
_cTH
_n0
999 _c10916
_d10916